[Event "Montreal Oasis op"]
[Site "Montreal"]
[Date "2011.02.26"]
[Round "3"]
[White "Wu, Qiyou"]
[Black "Brucker, Buck"]
[Result "1/2-1/2"]
[WhiteElo "1881"]
[BlackElo "2158"]
[PlyCount "78"]
[EventDate "2011.02.25"]
[EventType "swiss"]
[EventRounds "5"]
[EventCountry "CAN"]
[SourceTitle "EXT 2013"]
[Source "ChessBase"]
[SourceDate "2012.11.22"]
[SourceVersion "1"]
[SourceVersionDate "2012.11.22"]
[SourceQuality "1"]

1. e4 c5 2. Nf3 d6 3. Bb5+ Bd7 4. Bxd7+ Qxd7 5. c4 Nc6 6. d4 cxd4 7. Nxd4 Nf6 8. Nc3 g6 9. f3 Bg7 10. Be3 Rc8 11. b3 0-0 12. 0-0 Rfd8 13. Rc1 e6 14. Nde2 d5 15. cxd5 exd5 16. exd5 Nxd5 17. Nxd5 Qxd5 18. Qxd5 Rxd5 19. Nf4 Rd7 20. Rc2 Re8 21. Bf2 Bd4 22. Rfc1 Rde7 23. Bxd4 Nxd4 24. Rc8 Ne2+ 25. Nxe2 Rxe2 26. Rxe8+ Rxe8 27. Rc7 Re2 28. a4 b6 29. b4 Ra2 30. Rxa7 b5 31. a5 Rb2 32. Rb7 Rxb4 33. a6 Ra4 34. a7 Kg7 35. Kf1 Ra2 36. Ke1 b4 37. Kd1 b3 38. Kc1 g5 39. g3 Kg6 1/2-1/2

[Event "Quebec-ch Class"]
[Site "Montreal"]
[Date "2011.01.22"]
[Round "2"]
[White "Plante, Michel"]
[Black "Brucker, Buck"]
[Result "1/2-1/2"]
[WhiteElo "2107"]
[BlackElo "2194"]
[PlyCount "39"]
[EventDate "2011.01.21"]
[EventType "swiss"]
[EventRounds "5"]
[EventCountry "CAN"]
[SourceTitle "EXT 2013"]
[Source "ChessBase"]
[SourceDate "2012.11.22"]
[SourceVersion "1"]
[SourceVersionDate "2012.11.22"]
[SourceQuality "1"]

1. d4 d5 2. Nf3 Nf6 3. e3 e6 4. Bd3 Nbd7 5. 0-0 Bd6 6. Nbd2 e5 7. e4 0-0 8. exd5 exd4 9. Nxd4 Ne5 10. Be2 Nxd5 11. Ne4 Be7 12. Ng3 Bf6 13. Nh5 Be7 14. Nf4 Bf6 15. Nh5 Be7 16. Ng3 c5 17. Ndf5 Bf6 18. c4 Nb6 19. Nd6 Be6 20. Nxb7 1/2-1/2